000 00907nam a2200229 a 4500
001 BRL_818
005 20190320210917.0
008 091013s1976----mx-#######---#000-0#spa-#
041 _aspa
044 _amx
050 4 _aGN34
_b.G85 1976
245 1 0 _aGuía para la clasificación de los datos culturales
260 _aMéxico
_bUAM, Iztapalapa
_c1976
300 _a248 p.
_c23 cm.
440 0 _aBiblioteca de ciencias sociales. coleccion de antropologia social
_pserie manuales
_vno. 1
_925033
500 _aAu2092
500 _aTraduccion de : outline of cultural materials
500 _aTercera edicion revisada y publicada en 1950 por el Human relations area files preparada en colaboracion entre el Instituto Indigenista Nacional de Guatemala y la Oficina de Ciencias Sociales de la Unión Panamericana,en 1954.
650 1 4 _aAntropología
_xMetodología
_925034
902 _aGRL
942 _2lcc
_cB
999 _c9630
_d9630